00836pam a2200265 a 45000010005000000030006000050050017000110080041000280100017000690200017000860200017001030400023001200500014001430820012001571000023001692450047001922500033002392600036002723000025003085050007003335200160003405210029005005210020005296500021005494242FISKH20240708091324.0900209s1990 nyu j 000 1 eng  a 90055108  a0823408353 : a078073002955 aDLCcDLCdDLCbeng aPZ7.W933  a813.54 1 aWright, Betty Ren.14aThe ghost of Ernie P. /cBetty Ren Wright. aFirst Scholastic, July 1992  aNew York :bScholastic, c1990. a130 pages : c20 cm  aR  aAfter a freak accident kills Ernie and cuts short his Top Secret Plan, his friend Jeff is haunted by Ernie's ghost and pushed toward carrying out the plan.8 a750 bLexile estimate 8 aR bRaz-Plus  1aGhostsxFiction.